| 000 | 00819nam a2200265 i 4500 | ||
|---|---|---|---|
| 001 | 9744 | ||
| 003 | ES-MaACL | ||
| 005 | 20250730063043.0 | ||
| 007 | t| | ||
| 008 | 931222s1993 sp ||||1| spa d | ||
| 020 | _a84-206-9047-3 | ||
| 080 | _a1 Zubiri | ||
| 080 | _a291.1 | ||
| 100 | 1 |
_aZubiri, Xavier, _d1898-1983 _eaut _9118406 |
|
| 245 | 1 | 3 |
_aEl problema filosófico de la historia de las religiones / _cXavier Zubiri |
| 260 |
_aMadrid : _bAlianza : _bFundación Xavier Zubiri, _c[1993] |
||
| 300 |
_aV, 404 páginas ; _c23 cm. |
||
| 500 | _aÍndices. | ||
| 650 | 4 |
_aReligiones- _xHistoria _916823 |
|
| 710 | 2 |
_aFundación Xavier Zubiri. _eedt _94435 |
|
| 852 |
_aES-MaACL _bR.122099 _cDEPO2 _jL-17070 |
||
| 942 |
_2udc _cMONOGRAFIA _n0 |
||
| 999 |
_c9744 _d9744 |
||